000 00687nam a2200181 i 4500
001 152055
003 ES-MaACL
005 20240513170005.0
008 051010q1905 sp af |||| | spa d
100 1 _aBeruete, Aureliano de,
_d1845-1912
_9149341
245 1 3 _aLa Venus del espejo
_b: cuadro de Velázquez /
_cA. de Beruete.
260 _a[Madrid :
_bs.n.,
_c1905] (
_fImp. de P. Apalategui)
300 _a16 p., [1] h. de lám. grab. ;
_c27 cm.
596 _aEn port.: Publicado en la Revista "Cultura Española"
600 1 4 _aVelázquez, Diego,
_d1599-1660
_9113793
852 _aES-MaACL
_jT-1072-F-6
_z. - Enc. hol., conservando la enc. rúst.
999 _c152055
_d152055